000
00353nam a2200157Ia 4500
008
100122s9999 xx 000 0 und d
082
_b
65447
_a
BM823.08
100
_a
WATSON CAROL
245
_a
AESOPS FABLES
250
_a
1
260
_b
USBORNE PUB
_c
2003
300
_a
64
630
_a
AESOPS FABLES
730
_a
AESOPS FABLES
942
_c
BOOK
999
_c
379999
_d
379996